[Event "GER-ch Net qual3 U14"]
[Site "Playchess.com INT"]
[Date "2009.05.17"]
[Round "3"]
[White "Stadler, Andreas"]
[Black "Grigorian, Spartak"]
[Result "1/2-1/2"]
[WhiteElo "1544"]
[BlackElo "1765"]
[PlyCount "124"]
[EventDate "2009.05.17"]
[EventType "swiss (blitz)"]
[EventRounds "7"]
[EventCountry "GER"]
[SourceTitle "CBM 130 Extra"]
[Source "ChessBase"]
[SourceDate "2009.07.02"]
[SourceVersion "2"]
[SourceVersionDate "2009.07.15"]
[SourceQuality "1"]

1. e4 c5 2. Nf3 d6 3. d4 cxd4 4. Nxd4 Nf6 5. Nc3 a6 6. Be3 e5 7. Nb3 Be6 8. Be2 Be7 9. 0-0 Nbd7 10. Qd2 0-0 11. f3 Qc7 12. Rfd1 Rfd8 13. Bf1 Nb6 14. Qf2 Nc4 15. Bxc4 Qxc4 16. Bb6 Rd7 17. Na5 Qc8 18. Nb3 d5 19. exd5 Nxd5 20. Nxd5 Bxd5 21. Be3 Be6 22. Rxd7 Qxd7 23. Qe2 f6 24. Rd1 Qc6 25. c3 Qe8 26. Nc5 Bxc5 27. Bxc5 Rd8 28. Be3 Rd7 29. Rxd7 Qxd7 30. a3 Qc6 31. Qd2 Qc7 32. Qd3 Kf7 33. b4 Ke8 34. Kf2 Qc6 35. Qe4 Qxc3 36. Qxb7 Qc2+ 37. Kg3 Qg6+ 38. Kf2 Qc2+ 39. Kg3 f5 40. Qxg7 f4+ 41. Bxf4 exf4+ 42. Kxf4 Qf5+ 43. Kg3 Qg6+ 44. Qxg6+ hxg6 45. Kf4 Bf5 46. g4 Bc2 47. Kg5 Ke7 48. h4 Kf7 49. h5 gxh5 50. Kxh5 Bd1 51. f4 Kf6 52. f5 Ke5 53. Kg5 Be2 54. f6 Ke6 55. a4 Bd3 56. b5 axb5 57. axb5 Bxb5 58. Kg6 Be8+ 59. Kg7 Ke5 60. g5 Kf5 61. Kh6 Ke6 62. Kg7 Kf5 1/2-1/2